[Event "Oberliga Baden 0304 "]
[Site "Germany"]
[Date "2003.10.12"]
[Round "1.3"]
[White "Muysers, Hendrik"]
[Black "Marzolf, Bruno"]
[Result "1/2-1/2"]
[WhiteElo "2247"]
[BlackElo "2241"]
[PlyCount "65"]
[EventDate "2003.10.12"]
[EventType "team-tourn"]
[EventRounds "9"]
[EventCountry "GER"]
[SourceTitle "EXT 2006"]
[Source "ChessBase"]
[SourceDate "2005.11.24"]
[SourceVersion "1"]
[SourceVersionDate "2005.11.24"]
[SourceQuality "1"]
[WhiteTeam "Freiburg"]
[BlackTeam "Kehl"]
[WhiteTeamCountry "GER"]
[BlackTeamCountry "GER"]

1. e4 e5 2. Nf3 Nc6 3. d4 exd4 4. Nxd4 Nf6 5. Nc3 Bb4 6. Nxc6 bxc6 7. Bd3 d5 8. exd5 cxd5 9. 0-0 0-0 10. Bg5 c6 11. Na4 h6 12. Bh4 Re8 13. c4 Bd6 14. cxd5 cxd5 15. Rc1 Bf4 16. Rc2 Qd6 17. Bg3 Bg4 18. Qd2 Nh5 19. Bxf4 Nxf4 20. f3 Bh5 21. Rc4 Nxd3 22. Qxd3 Bg6 23. Qd2 Qa6 24. Rf4 Rad8 25. Qd4 Qe2 26. Rd1 Rc8 27. Nc3 Qxb2 28. Nxd5 Qxd4+ 29. Rfxd4 Re2 30. R4d2 Rc2 31. Rxc2 Rxc2 32. a4 Ra2 33. Rd4 1/2-1/2

[Event "Tuebingen-ch 55th"]
[Site "Tuebingen"]
[Date "1996.??.??"]
[Round "?"]
[White "Koppenhoefer, Bernhard"]
[Black "Muysers, Hendrik"]
[Result "1/2-1/2"]
[WhiteElo "2050"]
[BlackElo "1865"]
[PlyCount "54"]
[EventDate "1996.??.??"]
[EventType "swiss"]
[EventRounds "9"]
[EventCountry "GER"]
[SourceTitle "EXT 1999"]
[Source "ChessBase"]
[SourceDate "1998.11.16"]
[SourceVersion "1"]
[SourceVersionDate "1998.11.16"]
[SourceQuality "1"]

1. d4 e6 2. Nf3 d5 3. c4 Nf6 4. Nc3 Nbd7 5. cxd5 exd5 6. Bg5 c6 7. e3 Be7 8. Bd3 h6 9. Bh4 Ne4 10. Bxe7 Qxe7 11. 0-0 0-0 12. Bxe4 dxe4 13. Nd2 Nf6 14. Qc2 Re8 15. Rab1 c5 16. dxc5 Qxc5 17. Rbc1 Qe5 18. Nc4 Qg5 19. Nd6 Bh3 20. f4 exf3 21. Rxf3 Rxe3 22. Nce4 Nxe4 23. Nxf7 Re2 24. Nxg5 Rxc2 25. Rxc2 Nxg5 26. Rxh3 Nxh3+ 27. gxh3 Rf8 1/2-1/2

[Event "Tuebingen-ch 55th"]
[Site "Tuebingen"]
[Date "1996.??.??"]
[Round "?"]
[White "Zeller, Frank"]
[Black "Muysers, Hendrik"]
[Result "1-0"]
[WhiteElo "2335"]
[BlackElo "1865"]
[PlyCount "57"]
[EventDate "1996.??.??"]
[EventType "swiss"]
[EventRounds "9"]
[EventCountry "GER"]
[SourceTitle "EXT 1999"]
[Source "ChessBase"]
[SourceDate "1998.11.16"]
[SourceVersion "1"]
[SourceVersionDate "1998.11.16"]
[SourceQuality "1"]

1. d4 d5 2. c4 e6 3. Nc3 Nf6 4. Nf3 c6 5. e3 Nbd7 6. Bd3 Bd6 7. e4 dxe4 8. Nxe4 Nxe4 9. Bxe4 h6 10. 0-0 0-0 11. Bc2 e5 12. Qd3 f5 13. c5 Bc7 14. b4 e4 15. Qb3+ Kh8 16. Ng5 hxg5 17. Qh3+ Kg8 18. Bb3+ Rf7 19. Qxf5 Nf6 20. Bxf7+ Kxf7 21. Qxg5 Qxd4 22. Bf4 Bxf4 23. Qxf4 Be6 24. Rfd1 Qxb4 25. Rab1 Qxc5 26. Rxb7+ Kg6 27. Qg3+ Kh5 28. Rxg7 Rg8 29. Qg6+ 1-0

[Event "Boeblingen op 12th"]
[Site "Boeblingen"]
[Date "1995.??.??"]
[Round "?"]
[White "Pribyl, Martin"]
[Black "Muysers, Hendrik"]
[Result "1-0"]
[WhiteElo "2390"]
[BlackElo "2210"]
[PlyCount "75"]
[EventDate "1995.12.??"]
[EventType "swiss"]
[EventRounds "9"]
[EventCountry "GER"]
[SourceTitle "EXT 2006"]
[Source "ChessBase"]
[SourceDate "2005.11.24"]
[SourceVersion "1"]
[SourceVersionDate "2005.11.24"]
[SourceQuality "1"]

1. d4 d5 2. c4 e6 3. Nc3 c6 4. e4 dxe4 5. Nxe4 Bb4+ 6. Bd2 Qxd4 7. Bxb4 Qxe4+ 8. Be2 Nd7 9. Nf3 b6 10. Nd2 Qf4 11. g3 Qc7 12. Ne4 c5 13. Bc3 Ngf6 14. Nd6+ Ke7 15. Nb5 Qb8 16. Bf3 a6 17. Nd6 Ra7 18. Nxc8+ Rxc8 19. Qe2 b5 20. b3 b4 21. Bb2 a5 22. 0-0 Kf8 23. Rfe1 Re8 24. Bc6 Qb6 25. Qf3 Rc7 26. Bb5 e5 27. Rad1 Qe6 28. Rd2 Rec8 29. Red1 Nb8 30. Rd6 Qe7 31. Qf5 Ne8 32. Bxe5 Kg8 33. R6d5 g6 34. Qf4 Rb7 35. Bxe8 Qxe8 36. Qf6 Kf8 37. Qg7+ Ke7 38. Bf6+ 1-0